Flames and configurations (Record no. 224316)
[ view plain ]
| 000 -LEADER | |
|---|---|
| fixed length control field | 01726nam a2200373 a 4500 |
| 245 00 - TITLE STATEMENT | |
| Title | Flames and configurations |
| 260 ## - PUBLICATION, DISTRIBUTION, ETC. (IMPRINT) | |
| Place of publication | New York : |
| Name of publisher | American Institute of Aeronautics and Astronautics, |
| Year of publication | 1986. |
| 300 ## - PHYSICAL DESCRIPTION | |
| Number of Pages | xviii, 417 p. : |
| Other physical details | ill. |
| 490 1# - SERIES STATEMENT | |
| Series statement | Progress in astronautics and aeronautics ; |
| 500 ## - GENERAL NOTE | |
| General note | "Technical papers presented from the tenth International Colloquium on Dynamics of Explosions and Reactive Systems, Berkeley, California, August 1985, and subsequently revised for this volume. |
| 650 #0 - SUBJECT ADDED ENTRY--TOPICAL TERM | |
| Topical Term | Flame |
| Topical Term | Configurations |
| 700 1# - ADDED ENTRY--PERSONAL NAME | |
| Personal name | Bowen, J. R. |
| Personal name | Leyer, J.-C. |
| Personal name | Soloukhin, R. I. |
| 856 40 - ELECTRONIC LOCATION AND ACCESS | |
| Uniform Resource Identifier | http://site.ebrary.com/lib/rucke/Doc?id=10516744 |
No items available.
